Cerro Alegre. Crónicas de los Cerros Alegre y Concepción de Valparaíso.

保存先:
書誌詳細
第一著者: Castagneto Garviso, Piero (autor)
その他の著者: González González, Patricio (autor)
フォーマット: 図書
言語:スペイン語
英語
出版事項: Viña del Mar, Chile: Ediciones Altazor, 2013.
主題:
タグ: タグ追加
タグなし, このレコードへの初めてのタグを付けませんか!

MARC

LEADER 00000cam a2200000 a 4500
001 UCF7687
003 CL-VaPUC
005 20230110074251.0
008 130704e20130000CL |||||||||||||||||spa|d
651 0 |a Valparaíso, Chile  |z Cerro Alegre  |x Historia   |y Siglos 19-20  |9 261144 
999 |c 352485  |d 352483 
020 |a 978-956-9205-02-6 
040 |c Pontificia Universidad Católica de Valparaíso 
041 0 7 |a spa  |2 CL-VaPUC 
041 0 7 |a eng  |2 CL-VaPUC 
082 0 4 |a 983 CAS 2013  |2 21 
100 0 |a Castagneto Garviso, Piero  |e autor  |9 569788 
245 1 0 |a Cerro Alegre.  |b Crónicas de los Cerros Alegre y Concepción de Valparaíso.  
260 |a Viña del Mar, Chile:   |b Ediciones Altazor,   |c 2013.  
300 |a 194 páginas.  
500 |a c.2 Donación Familia Prof. Alejandro Guzmán Brito. 
583 |a last modification  |c 20130704 11:43:00  |k Rodrigo Vera 
700 |a González González, Patricio  |e autor  |9 569793 
942 |c BK  |2 ddc  |n 0 
945 |d 20130704 00:00:00  |a dcastane 
952 |0 0  |1 0  |4 0  |6 983_000000000000000_CAS_2013  |7 0  |8 C  |9 457026  |a BIBCUR  |b BIBCUR  |d 2019-11-22  |i 4982703  |o 983 CAS 2013  |p 4982703  |r 2025-04-22  |w 2019-11-22  |y BK  |k CAC 
952 |0 0  |1 0  |4 0  |6 983_000000000000000_CAS_2013  |7 0  |8 A  |9 457027  |a BIBING  |b BIBING  |d 2019-11-22  |i 4982657  |o 983 CAS 2013  |p 4982657  |r 2025-01-20  |w 2019-11-22  |y BK  |k CUI 
952 |0 0  |1 0  |4 0  |6 983_000000000000000_CAS_2013  |7 0  |8 X  |9 457028  |a BIBEDU  |b BIBEDU  |d 2019-11-22  |i 4982649  |o 983 CAS 2013  |p 4982649  |r 2023-01-13  |w 2019-11-22  |y BK_X  |k CUE 
952 |0 0  |1 0  |2 ddc  |4 0  |6 983_000000000000000_CAS_2013  |7 1  |8 C_AGB  |9 580830  |a BIBDER  |b BIBDER  |d 2022-01-25  |e Donación   |i 564173K  |o 983 CAS 2013  |p 564173K  |r 2023-01-25  |t 4  |w 2022-01-25  |y BK_US  |k AGB